00728nam a2200229Ia 4500008004100000020001900041040001800060041000800078060001100086100003300097245005800130250001200188260005600200300003300256490004700289504005300336650002900389650002300418650001900441650002000460650001800480130821s2004 sp a gr spa  a84 97242 320 8 aCo-BoUCMbspa00aspa aWM 4601 aGarcía de la Hoz , Antonio10aTeoría psicoanalíticacAntonio García de la Hoz a2a. ed. aMadrid (España)bEditorial biblioteca nuevac2004 a510 páginasbilustraciones 0aBiblioteca nueva .nColección Quipúv1 aIncluye referencias bibliográficas e índice. aComplejos (Psicología) aEgo (Psicología) aMente y cuerpo aPsicoanálisis aPsiquiatría